Org̕enes sociales de los derechos humanos violencia y protesta en la capital petrolera de Colombia, 1919-2010 /

Detalles Bibliográficos
Autor principal: van Isschot, Luis
Formato: eBook
Lenguaje:español
Publicado: Bogot:̀ Universidad del Rosario, 2020
Materias:
Acceso en línea:Acceso restringido

MARC

LEADER 00000nam a22000007a 4500
005 20220209223042.0
007 cr|||| ||||
008 220209s2020 co |||||s|||| 00||0 spa d
020 |a 978-958-784-477-1 
035 |a 35906 
040 |a vLex 
090 |c 12937  |d 12937 
100 1 |a van Isschot, Luis 
245 1 0 |a Org̕enes sociales de los derechos humanos  |h [Recurso electrn̤ico] :  |b violencia y protesta en la capital petrolera de Colombia, 1919-2010 /  |c Luis van Isschot 
256 |a Servicio en ln̕ea 
260 |a Bogot:̀  |b Universidad del Rosario,  |c 2020 
300 |a 1 recurso electrn̤ico 
506 1 |a Disponible solo en los productos indicados  |d vLex Global  |d vLex Global (Academic Edition, excluding Law Schools)  |d vLex Global (U.S. Academic Edition, Law Schools)  |d vLex Global (U.S. Academic Edition, excluding Law Schools)  |d vLex Global (Academic Edition, Law Schools) 
650 0 4 |a Derecho Internacional  |z Colombia 
740 0 |a vLex Libros (Servicio en ln̕ea) 
856 4 0 |u https://app.vlex.com/#/sources/35906  |z Acceso restringido 
942 |c BOOK 
999 0 |a International right